000 01871cam a22003135i 4500
999 _c2822
_d2822
006 m |o go|ad
007 cr |||||||||||
008 190201s2019 gw |||| o |||| 0|eng d
020 _a9783030038250 (ebk)
040 _aKO
_beng
041 0 _aeng
044 _agw
082 0 4 _a658.5
_223
100 1 _aZhang, Xufan,
245 1 0 _aMaritime Container Port Security :
_bUSA and European Perspectives /
_cby Xufan Zhang, Michael Roe.
250 _a1st ed. 2019.
264 1 _aCham :
_bSpringer International Publishing :
_bImprint: Palgrave Macmillan,
_c2019.
300 _a1 online resource (XIX, 282 pages 8 illustrations, 3 illustrations in color.)
505 0 _aIntroduction -- Maritime Security Measures and the Container Security Initiative (CSI) -- Port Competition -- Models of Container Port Security -- Research Methodology for Container Port Security -- The Delphi Research Process -- The Delphi Results -- The Implications for Container Port Security -- Maritime Governance, Security Measures and Port -- Competition in the EU -- Conclusions for Container Port Security.
520 _aPlacing special emphasis on the significant security issues associated with modern container international transport, this book provides in-depth exploration on both the US and European Union port and shipping policy, and that of wider international trade. The authors take an original and topical look at the security initiatives introduced by the USA and their impact in the EU. Based on original research by renowned experts in the field, this book provides vital insight for academics, government policy-makers and practitioners.
650 0 _aBusiness logistics.
650 0 _aShipping.
700 1 _aRoe, Michael,
_eaut
856 _uhttps://doi.org/10.1007/978-3-030-03825-0
904 _aRUDRA_R
905 _aR_RANJAN
942 _cEB